Quelle boisson? - Statistiques

Statistiques générales
  • Ce quiz a été pris 417 fois
  • Le résultat moyen est 22 sur 32
Statistiques - réponses
Question Tuile Select % Correct
La plus récente Limonade Non
90%
Quelle est la boisson qui comporte le plus de sucre ( en %)? Limonade Non
90%
A été inventé en 1886 Ice-Tea Non
89%
Quelle est la boisson qui comporte le plus de sucre ( en %)? Ice-Tea Non
88%
A été inventé en 1886 Grenadine Non
87%
La plus vielle boisson à avoir été inventée! Ice-Tea Non
87%
La plus récente Grenadine Non
85%
Quelle boisson est consommée majoritairement par des enfants? Limonade Non
84%
La plus récente Coca-Cola Non
83%
Quelle boisson est consommée majoritairement par des enfants? Ice-tea Non
80%
Boisson contenant le moins de sucre: Grenadine Non
76%
A été inventé en 1886 Limonade Non
76%
La plus vielle boisson à avoir été inventée! Grenadine Non
75%
La plus vielle boisson à avoir été inventée! Coca-Cola Non
74%
Quelle est la boisson la plus consommée au monde? Grenadine Non
74%
Quelle est la boisson la plus consommée au monde? Ice-Tea Non
74%
Quelle est la boisson la plus consommée au monde? Limonade Non
74%
Quelles deux boissons sont inventées en Europe? Coca-cola Non
72%
La plus récente Ice-Tea Oui
72%
A été inventé en 1886 Coca-Cola Oui
70%
Quelle est la boisson la plus consommée au monde? Coca-Cola Oui
69%
Boisson contenant le moins de sucre: Ice-Tea Non
62%
Quelle boisson est consommée majoritairement par des enfants? Coca-Cola Non
61%
Quelles deux boissons sont inventées en Europe? Grenadine Oui
56%
Quelles deux boissons sont inventées en Europe? Ice-tea Non
56%
Quelles deux boissons sont inventées en Europe? Limonade Oui
56%
Quelle boisson est consommée majoritairement par des enfants? Grenadine Oui
54%
La plus vielle boisson à avoir été inventée! Limonade Oui
51%
Boisson contenant le moins de sucre: Limonade Non
42%
Quelle est la boisson qui comporte le plus de sucre ( en %)? Coca-Cola Non
29%
Quelle est la boisson qui comporte le plus de sucre ( en %)? Grenadine Oui
25%
Boisson contenant le moins de sucre: Coca-cola Oui
2%
Aucun quiz correspondant
Distribution des résultats
% des personnes avec chaque résultat
Percentile par nombre de réponses
Votre historique - résultats
Vous n’avez pas pris ce quiz